Abdullah Ahmad Badawi : (Record no. 1068)

000 -LEADER
fixed length control field nam a22 a 4500
003 - CONTROL NUMBER IDENTIFIER
control field AKMAL
005 - DATE AND TIME OF LATEST TRANSACTION
control field 20170508120759.0
008 - FIXED-LENGTH DATA ELEMENTS--GENERAL INFORMATION
fixed length control field 170508s2005 my a e | 001 0 eng d
020 ## - INTERNATIONAL STANDARD BOOK NUMBER
International Standard Book Number 967978911X :
Terms of availability RM69.00
040 ## - CATALOGING SOURCE
Original cataloging agency AKMAL
082 04 - DEWEY DECIMAL CLASSIFICATION NUMBER
Classification number 297.272092 SYE
090 00 - LOCALLY ASSIGNED LC-TYPE CALL NUMBER (OCLC); LOCAL CALL NUMBER (RLIN)
Classification number (OCLC) (R) ; Classification number, CALL (RLIN) (NR) 297.272092
Local cutter number (OCLC) ; Book number/undivided call number, CALL (RLIN) SYE
100 1# - MAIN ENTRY--PERSONAL NAME
Personal name Al-Attas, Syed Ali Tawfik
9 (RLIN) 2235
245 10 - TITLE STATEMENT
Title Abdullah Ahmad Badawi :
Remainder of title revivalist of an intellectual tradition /
Statement of responsibility, etc. Syed Ali Tawfik Al-Attas, Ng Tieh Chuan
246 30 - VARYING FORM OF TITLE
Title proper/short title Revivalist of an intellectual tradition
260 ## - PUBLICATION, DISTRIBUTION, ETC.
Place of publication, distribution, etc. Subang Jaya, Selangor :
Name of publisher, distributor, etc. Pelanduk Publications,
Date of publication, distribution, etc. 2005
300 ## - PHYSICAL DESCRIPTION
Extent 160p. ;
Dimensions 22cm.
500 ## - GENERAL NOTE
General note Koleksi Peribadi YABhg. Tun Ahmad Sarji (2103136)
504 ## - BIBLIOGRAPHY, ETC. NOTE
Bibliography, etc. note Includes bibliography (p.149-154) and index
600 04 - SUBJECT ADDED ENTRY--PERSONAL NAME
Personal name Abdullah Haji Ahmad Badawi,
Titles and other words associated with a name Dato' Seri,
Dates associated with a name 1939-
9 (RLIN) 2236
650 10 - SUBJECT ADDED ENTRY--TOPICAL TERM
Topical term or geographic name entry element Islam and state
Geographic subdivision Malaysia
9 (RLIN) 1538
650 20 - SUBJECT ADDED ENTRY--TOPICAL TERM
Topical term or geographic name entry element Prime ministers
Geographic subdivision Malaysia
9 (RLIN) 7
651 20 - SUBJECT ADDED ENTRY--GEOGRAPHIC NAME
Geographic name Malaysia
General subdivision Politics and government
9 (RLIN) 44
700 1# - ADDED ENTRY--PERSONAL NAME
Personal name Ng, Tieh Chuan,
Titles and other words associated with a name Dato'
9 (RLIN) 2237
856 4# - ELECTRONIC LOCATION AND ACCESS
Uniform Resource Identifier http://www.mph.com.my/search/nsearch.cfm?do=detail&pcode=967978911X
Link text Front Cover & Summary
942 ## - ADDED ENTRY ELEMENTS (KOHA)
Source of classification or shelving scheme
Koha item type Book
Holdings
Withdrawn status Lost status Source of classification or shelving scheme Damaged status Not for loan Collection code Home library Current library Shelving location Date acquired Inventory number Total Checkouts Full call number Barcode Date last seen Price effective from Koha item type
          NON-FICTION AKMAL Melaka AKMAL Melaka PINJAMAN 08.05.2017 200922   297.272092 SYE 201702102 08.05.2017 08.05.2017 Book
Pusat Sumber Maklumat Dato' Haji Sarmin Md Hussin, Akademi Kastam Diraja Malaysia, Melaka
Tel: 06-2331106 | Faks: 06-2313787